000 00360nam a2200157Ia 4500
008 210716s1995 xx 000 0 und d
020 _a9780099552418
041 _aeng
082 _a158.1 HART
100 _aHarris, Thomas A.
245 _aI'm ok you're ok.
250 _a1
260 _aAustralia
_c1995
300 _a269
650 _aGeneral Management
999 _c198059
_d198059